000 00768nam a22002175i 4500
001 168225
003 ES-MaACL
005 20250717013111.0
008 990701s1898 sp |||| | spa d
040 _aGA
_bspa
_cCCPB | 3D
100 1 _aZola, Émile,
_d1840-1902
_9118331
245 1 0 _aEpistolario de Emilio Zola
_b: Parte primera /
_cversión castellana de Rafael Luiz López.
260 _aBarcelona ; Madrid ; Buenos Aires :
_bCasa Editorial Maucci,
_c[s.a.]
300 _a286 p. ;
_c19 cm.
596 1 _aMaucci ejerce como editor ca. 1898.
700 2 1 _aLuiz López, Rafael,
_etrad.
_9129137
752 _aEspaña -
_dBarcelona
752 _aArgentina -
_dBuenos Aires
852 _aES-MaACL
_jC-4595
_z-- Enc. hol.
999 _c168225
_d168225